000 00430nam a2200169Ia 4500
008 230524s9999 xx 000 0 und d
020 _a9788120307773
082 _a6.3
_bPAT
100 _aDan W.Patterson
245 0 _aIntroduction to Artificial Inteligence and Expert Systems
250 _a1ST
260 _aNEW DELHI
_bPHI
_c2001
300 _aXII;441
500 _aQuantity Number: 59
650 _aComp-Sc
942 _cBK
999 _c35576
_d35576